Catalogue of Mexican maiolica belonging to Mrs. Robert W. de Forest (Record no. 2369)

MARC details
000 -CABECERA
campo de control de longitud fija 00749nam a2200229 a 4500
001 - NÚMERO DE CONTROL
campo de control BRCA_2629
005 - FECHA Y HORA DE LA ÚLTIMA TRANSACCIÓN
campo de control 20190320203910.0
008 - DATOS DE LONGITUD FIJA--INFORMACIÓN GENERAL
campo de control de longitud fija 011208s1911----us-a---###---#000-0#eng-#
050 #4 - SIGNATURA TOPOGRÁFICA DE LA BIBLIOTECA DEL CONGRESO
Número de clasificación NK4320.M5
Número de documento/Ítem .B27 1911
100 1# - ENTRADA PRINCIPAL--NOMBRE DE PERSONA
Nombre de persona Barber, Edwin Atlee
Fechas asociadas al nombre 1851-1916
9 (RLIN) 7296
245 10 - MENCIÓN DE TÍTULO
Título Catalogue of Mexican maiolica belonging to Mrs. Robert W. de Forest
Mención de responsabilidad, etc. Edwin A. Barber.
260 ## - PUBLICACIÓN, DISTRIBUCIÓN, ETC.
Lugar de publicación, distribución, etc. New York
Nombre del editor, distribuidor, etc. Hispanic Society of America
Fecha de publicación, distribución, etc. 1911
300 ## - DESCRIPCIÓN FÍSICA
Extensión 151 p.
Otras características físicas il., láminas
Dimensiones 21 cm.
500 ## - NOTA GENERAL
Nota general A113
650 14 - PUNTO DE ACCESO ADICIONAL DE MATERIA--TÉRMINO DE MATERIA
Término de materia o nombre geográfico como elemento de entrada Coleccionistas y colecciones
9 (RLIN) 7486
650 14 - PUNTO DE ACCESO ADICIONAL DE MATERIA--TÉRMINO DE MATERIA
Término de materia o nombre geográfico como elemento de entrada Mayólica
9 (RLIN) 7298
650 14 - PUNTO DE ACCESO ADICIONAL DE MATERIA--TÉRMINO DE MATERIA
Término de materia o nombre geográfico como elemento de entrada Cerámica mexicana
9 (RLIN) 7487
650 14 - PUNTO DE ACCESO ADICIONAL DE MATERIA--TÉRMINO DE MATERIA
Término de materia o nombre geográfico como elemento de entrada Cerámica
Término indicativo de función/relación Colecciones particulares
9 (RLIN) 1200
700 1# - PUNTO DE ACCESO ADICIONAL--NOMBRE DE PERSONA
Nombre de persona Forest, Mrs. Robert W. de
9 (RLIN) 7488
902 ## - CATALOGADOR
Iniciales GFM
942 ## - ELEMENTOS DE PUNTO DE ACCESO ADICIONAL (KOHA)
Fuente del sistema de clasificación o colocación Library of Congress Classification
Tipo de ítem Koha Libros
Holdings
Estado de retiro Estado de pérdida Estado dañado No para préstamo Localización permanente Ubicación/localización actual Fecha de adquisición Número de inventario Total de préstamos Signatura topográfica completa Código de barras Fecha visto por última vez Precio válido a partir de Tipo de ítem Koha
El ejemplar forma parte de la colección y puede ser consultado según las políticas vigentes.       Biblioteca del Museo Franz Mayer (Rogerio Casas-Alatriste) Biblioteca del Museo Franz Mayer (Rogerio Casas-Alatriste) 01/12/2008 A113   NK4320.M5 .B27 1911 (A113) 2626 22/03/2019 22/03/2019 Libros